| 000 | 01077pab a2200157 454500 | ||
|---|---|---|---|
| 008 | 180718b2003 xxu||||| |||| 00| 0 eng d | ||
| 100 | _aRay, Krishnendu | ||
| 245 | _aThe nation betrayed: or about those who left | ||
| 260 | _c2003 | ||
| 300 | _ap.2722-729. | ||
| 362 | _a28 Jun | ||
| 520 | _aWhile agreeing in substance with Ramachandra Guha's critique of expatriate Indian intellectuals, that commentary is extended here to (a) point to an important impediment in their intellectual project coming in the way of their taking their migrant status seriously and hence interrogating their milieu with greater rigour; and (b) reply to grounded patriots that there are other legitimate albeit unstable locations from which to construct a social science. Turning to Guha's peculiar smugness about `relevance', it is argued that in talking of discourse and deployment of power within intellectual communities, the nation may not be the only legitimate category of analysis. - Reproduced. | ||
| 650 | _aIntelligentsia | ||
| 773 | _aEconomic and Political Weekly | ||
| 909 | _a57285 | ||
| 999 |
_c57285 _d57285 |
||